000 00440nam a22001097a 4500
008 110627t xxu||||| |||| 00| 0 eng d
010 _aHCMAF108
245 _aHigh Court Misc. Application No. 535 OF 2007 (Arising from HCCS 48 of 2007) Nalwadda Nullu Vs Senabulya Zaina
260 _c2007
500 _aBefore: Hon. Lady Justice Arach-Amoko
999 _c4102
_d4102